An Introduction to Indian Philosophy (Record no. 19924)

MARC details
000 -LEADER
fixed length control field 00340nam a22001337a 4500
020 ## - INTERNATIONAL STANDARD BOOK NUMBER
ISBN 9788129111951
082 ## - DEWEY DECIMAL CLASSIFICATION NUMBER
Classification number 181.4 CHA
100 ## - MAIN ENTRY--AUTHOR NAME
Author name Chatterjee, Satischandra
245 ## - TITLE STATEMENT
Title An Introduction to Indian Philosophy
260 ## - PUBLICATION, DISTRIBUTION, ETC. (IMPRINT)
Place of publication Delhi
Name of publisher Rupa Publications India Pvt. Ltd
Year of publication 2015
300 ## - PHYSICAL DESCRIPTION
Number of Pages 404
650 ## - SUBJECT ADDED ENTRY--TOPICAL TERM
Topical Term Philosophy- India
942 ## - ADDED ENTRY ELEMENTS (KOHA)
Koha item type Books
Holdings
Home library Current library Shelving location Date acquired Source of acquisition Cost, normal purchase price Full call number Accession Number Koha item type
Henry Martyn Institute Library Henry Martyn Institute Library General stacks 01/08/2016 SVS Book Info HYD 195.00 181.4 CHA 24999 Books
                   Copyright © 2026 | Henry Martyn Institute | Hyderabad | TS-500052 | INDIA | Implemented by hmi.edu.in
Hit-Count:

Powered by Koha